La Dependencia político - económica de América Latina /

Պահպանված է:
Մատենագիտական մանրամասներ
Հիմնական հեղինակ: Jaguaribe, Helio
Այլ հեղինակներ: Ferrer, Aldo Wionczek, Miguel S Dos Santos, Theotonio
Ձևաչափ: Տեքստ
Հրապարակվել է: México D.F: Siglo XXI
Հրատարակություն:12
Ցուցիչներ: Ավելացրեք ցուցիչ
Չկան պիտակներ, Եղեք առաջինը, ով նշում է այս գրառումը!

MARC

LEADER 00000 a a2200000 04500
001 23851
003
040
020 |a 968-23-0187-4  
090 |a 164300  
100 |a Jaguaribe, Helio  
245 |a La Dependencia político - económica de América Latina /  |c Helio Jaguaribe 
250 |a 12  
260 |a México D.F:   |b Siglo XXI  
300 |a 293 p   |b **no definido**  
700 |a Ferrer, Aldo   |a Wionczek, Miguel S   |a Dos Santos, Theotonio  
999 |c 12690  |d 12690